Katholische Weltmission und deutsche Kultur / (Record no. 139938)

MARC details
000 -LEADER
campo de control de longitud fija 00602nam a2200193 4500
001 - NÚMERO DE CONTROL
campo de control 139938
003 - IDENTIFICADOR DE NÚMERO DE CONTROL
campo de control ES-MaACL
005 - FECHA Y HORA DE LA ÚLTIMA TRANSACCIÓN
campo de control 20230906195942.0
007 - CAMPO FIJO DE DESCRIPCIÓN FÍSICA--INFORMACIÓN GENERAL
campo de control de longitud fija t|
008 - DATOS DE LONGITUD FIJA--INFORMACIÓN GENERAL
campo de control de longitud fija 070214s1925 gw r ||||1| ger d
100 1# - ENTRADA PRINCIPAL--NOMBRE DE PERSONA
Nombre de persona Schmidlin, August Joseph.
9 (RLIN) 104459
245 10 - MENCIÓN DEL TÍTULO
Título Katholische Weltmission und deutsche Kultur /
Mención de responsabilidad, etc. Joseph Schmidlin.
260 ## - PUBLICACIÓN, DISTRIBUCIÓN, ETC.
Lugar de publicación, distribución, etc. Freiburg im Breisgau :
Nombre del editor, distribuidor, etc. Herder,
Fecha de publicación, distribución, etc. 1925.
300 ## - DESCRIPCIÓN FÍSICA
Extensión XII, 62 p. ;
Dimensiones 20 cm.
490 1# - MENCIÓN DE SERIE
Mención de serie Schriften zur deutschen Politik ;
Designación de volumen o secuencia 10
830 0# - PUNTO DE ACCESO ADICIONAL DE SERIE-TÍTULO UNIFORME
Título uniforme Schriften zur deutschen Politik ;
Designación de volumen o secuencia 10
9 (RLIN) 220278
852 ## - LOCALIZACIÓN
Ubicación ES-MaACL
Número de control de estantería G-13675
Holdings
Estatus retirado Estado de pérdida Estado de daño No para préstamo Biblioteca de origen Biblioteca actual Ubicación en estantería Fecha de adquisición Fuente de adquisición Total de préstamos Signatura topográfica completa Código de barras Visto por última vez Precio de reemplazo Tipo de ítem Koha
        Biblioteca del Ateneo de Madrid Biblioteca del Ateneo de Madrid Sala Pecera Planta 3 17/01/2008     G-13675 1145622 23/02/2023 23/02/2023 Libro impreso